[Event "Tres Cantos op 10th"]
[Site "Tres Cantos"]
[Date "2018.06.26"]
[Round "6.46"]
[White "Martinez Miura, Enrique"]
[Black "Cerioni Serret, Luca"]
[Result "1/2-1/2"]
[WhiteElo "1635"]
[BlackElo "1426"]
[PlyCount "122"]
[EventDate "2018.06.21"]
[EventType "swiss"]
[EventRounds "9"]
[EventCountry "ESP"]
[SourceTitle "EXT 2024"]
[Source "ChessBase"]
[SourceDate "2023.10.10"]
[SourceVersion "1"]
[SourceVersionDate "2023.10.10"]
[SourceQuality "1"]

1. e4 c5 2. Nf3 g6 3. d4 cxd4 4. Nxd4 Bg7 5. Be2 Nc6 6. Be3 Nf6 7. Nc3 0-0 8. 0-0 d5 9. exd5 Nxd5 10. Nxd5 Qxd5 11. Bf3 Qc4 12. Nxc6 bxc6 13. Be2 Qb4 14. Rb1 Be6 15. a3 Qa5 16. Bf3 Rab8 17. Bxc6 Rxb2 18. Rxb2 Bxb2 19. Qf3 Qxa3 20. Rd1 Rc8 21. h3 a5 22. Rd3 Qa1+ 23. Rd1 Qa3 24. Rd3 Qb4 25. Bh6 Bf5 26. Rb3 Qe1+ 27. Kh2 Be5+ 28. g3 Bxc2 29. Re3 Qc1 30. Rxe5 Qxh6 31. Rxa5 Qc1 32. Bd5 e6 33. Ra7 Bf5 34. g4 Qc5 35. Rb7 Qxd5 36. Qxd5 exd5 37. gxf5 Rd8 38. fxg6 hxg6 39. Rb3 f5 40. Kg3 Kf7 41. Rd3 Kf6 42. f4 Rd6 43. Rd4 Ke7 44. h4 Kd7 45. h5 gxh5 46. Kh4 Kc6 47. Kxh5 Kc5 48. Rd1 d4 49. Kg5 Rd5 50. Rc1+ Kb4 51. Kf6 d3 52. Ke6 Rd8 53. Kxf5 d2 54. Rd1 Kc3 55. Ke6 Kc2 56. Rxd2+ Kxd2 57. f5 Ke3 58. f6 Kf4 59. Ke7 Ra8 60. f7 Ra7+ 61. Ke6 Rxf7 1/2-1/2

[Event "Tres Cantos op 10th"]
[Site "Tres Cantos"]
[Date "2018.06.22"]
[Round "2.45"]
[White "Cerioni Serret, Luca"]
[Black "Estevez Sacristan, Deva"]
[Result "0-1"]
[WhiteElo "1426"]
[BlackElo "1773"]
[PlyCount "38"]
[EventDate "2018.06.21"]
[EventType "swiss"]
[EventRounds "9"]
[EventCountry "ESP"]
[SourceTitle "EXT 2024"]
[Source "ChessBase"]
[SourceDate "2023.10.10"]
[SourceVersion "1"]
[SourceVersionDate "2023.10.10"]
[SourceQuality "1"]

1. e4 e6 2. d4 d5 3. exd5 exd5 4. Nf3 Nc6 5. Bb5 Bd6 6. Nc3 Nge7 7. Ne5 Bxe5 8. dxe5 0-0 9. f4 Nf5 10. Qxd5 Qh4+ 11. Kf1 Ng3+ 12. hxg3 Qxh1+ 13. Kf2 Rd8 14. Qe4 Nd4 15. Bd3 Bf5 16. Qxb7 Bxd3 17. cxd3 Nc2 18. Nb1 Qe1+ 19. Kf3 Rxd3+ 0-1

[Event "Madrid Chamartin op 6th"]
[Site "Madrid"]
[Date "2017.09.06"]
[Round "4"]
[White "Cerioni Serret, Luca"]
[Black "Osuna Osuna, Francisco"]
[Result "0-1"]
[WhiteElo "1419"]
[BlackElo "1574"]
[PlyCount "122"]
[EventDate "2017.09.04"]
[EventType "swiss"]
[EventRounds "9"]
[EventCountry "ESP"]
[SourceTitle "CBM 180 Extra"]
[Source "ChessBase"]
[SourceDate "2017.10.06"]
[SourceVersion "1"]
[SourceVersionDate "2017.10.06"]
[SourceQuality "1"]

1. e4 d5 2. exd5 Qxd5 3. Nc3 Qa5 4. Nf3 Nf6 5. Be2 Bg4 6. Nd4 Bxe2 7. Qxe2 Qh5 8. Qxh5 Nxh5 9. d3 c6 10. Be3 e6 11. 0-0 Nd7 12. a3 Be7 13. b4 0-0 14. Nb3 Bf6 15. d4 g6 16. Ne4 b6 17. c4 Bg7 18. Ra2 Nhf6 19. Nd6 Ne8 20. Bf4 e5 21. dxe5 Bxe5 22. Bxe5 Nxe5 23. c5 Nxd6 24. cxd6 Rad8 25. Rd1 Nc4 26. d7 f6 27. Rc2 Ne5 28. f4 Rxd7 29. Rxd7 Nxd7 30. Rxc6 Rf7 31. Nd4 f5 32. Nb5 Nf8 33. Rc8 Rd7 34. Ra8 Rd1+ 35. Kf2 Rd2+ 36. Kf3 Rb2 37. Rxa7 Rb3+ 38. Kf2 Rb2+ 39. Kg3 Rb3+ 40. Kh4 Rb2 41. Kg3 Rb3+ 42. Kh4 Rb2 43. Kg5 Rxg2+ 44. Kf6 h6 45. Rg7+ Kh8 46. Nd6 Nh7+ 47. Kf7 Ng5+ 48. fxg5 Rd2 49. Rg8+ Kh7 50. Rg7+ Kh8 51. Rg8+ Kh7 52. Ne8 Rd7+ 53. Kf8 Rd8 54. Rg7+ Kh8 55. Rg8+ Kh7 56. Rg7+ Kh8 57. gxh6 Ra8 58. Rg8+ Kh7 59. Rg7+ Kxh6 60. Ke7 Rxe8+ 61. Kf6 Rf8+ 0-1